000 00477nam a2200217Ia 4500
001 13750
003 GE_BSU
008 181216s||||||||xx |||||||||||||| ||und||
020 _a0701165197
040 _cGE_BSU
080 _a821.111-32
100 _aHollinghurs,Alan.
245 4 _aThe spell.
245 _cTranslation Racine Bajazet.
260 _aLondon.
260 _bChatto &Windus.
260 _c1998
300 _a275p;23cm.
653 _aThe spell.
942 _cBK
999 _c46897
_d46897